000 01105nam a2200193Ia 4500
003 Ost
005 20260507075737.0
008 260507s9999||||xx |||||||||||||| ||und||
040 _cfsecg
041 _aara
082 _a330
100 _aزيتون، أحمد ضياء الدين
_eمؤلف
245 0 _aمبادئ علم الاقتصاد /
_c أحمد ضياء الدين زيتون
260 _aالاسكندرية:
_bدار المعرفة الجامعية,
_c2004
300 _a384 صفحة؛
_bإيضاحات ؛
_c23 سم
520 _aأساسيات في علم الاقتصاد-التنظيمات الاقتصادية-نظريات الاستهلاك وتحليل سلوك المستهلك-الطلب-العرض-كيفية تحديد الأسعار-الانتاج-التكاليف الإنتاجية-تسعير السلع في سوق المنافسة الكاملة والإحتكار-الدخل القومي-تحديد الدخل القومي-مقدمة في النقود والبنوك-التضخم-التجارة الخارجية
653 _aعلم الاقتصاد
942 _cكتاب
999 _c46098
_d46098